01270cam a22003497a 4500003000500000005001700005008004100022010001000063011001000073020001800083020001800101020001500119035001100134040000900145082001500154110007900169245009400248260010100342300003700443500006300480650004300543650003600586650004400622650005000666650004300716650002600759650002100785650002000806650002200826650003700848650003500885CHAP20220817044045.0051027d2005 mx a r 00110 spa d a91231 a92203 a970-13-3660-7 a970-13-3896-0 a9701336593 a102767 cCHAP04a305.4bI581 aInstituto Nacional de Estadística, Geografía e Informática. México14aLas mujeres en ...c/por Instituto Nacional de Estadística, Geografía e Informática aAguascalientes, Ags. :bInstituto Nacional de Estadística, Geografía e Informática,c2005. av. :bilus. ;cgráfs. ; tablas aLa biblioteca tiene : Distrito Federal, Nayarit, Yucatán14aMéxico (D.F.)xCondiciones sociales.14aMéxicoxCondiciones sociales.14aMujer en comunidades ruraleszMéxico.14aMujer en comunidades ruraleszMéxico(D.F.).14aMujer en comunidades ruraleszNayarit.14aMujerzMéxico (D.F.14aMujerzMéxico.14aMujerzNayarit.14aMujerzYucatán.14aYucatánxCondiciones sociales.14zNayaritxCondiciones sociales.